[Event "The Mortar & Pestle Chess Congress"]
[Site "SchemingMind.com"]
[Date "2008.10.05"]
[Round "-"]
[White "drunkenmaster"]
[Black "C. H. O'D. Schlechter"]
[Result "0-1"]
[WhiteCountry "PHI"]
[BlackCountry "USA"]
[WhiteElo "1958"]
[WhiteRD "72"]
[BlackElo "2424"]
[BlackRD "80"]
[GameID "173250"]

1. Nf3 d5 2. c4 c6 3. d4 Nf6 4. Qc2 dxc4 5. Qxc4 Bf5 6. Nc3 Nbd7 7. e3 e6 8. Be2 Bd6 9. O-O Qc7 10. h3 O-O
11. Nh4 b5 12. Qb3 b4 13. Nxf5 exf5 14. Na4 Ne4 15. Bd3 Ndf6 16. Qc2 Rfe8 17. Bd2 Rad8 18. Rac1 Nxd2 19. Qxd2 f4 20. Rfe1 fxe3
21. fxe3 Bg3 22. Re2 Nh5 23. Nc5 Bh2+ 24. Kf1 Ng3+ 25. Ke1 Nxe2 26. Qxe2 Rxd4
0-1

[Event "The Mortar & Pestle Chess Congress"]
[Site "SchemingMind.com"]
[Date "2008.10.05"]
[Round "-"]
[White "C. H. O'D. Schlechter"]
[Black "drunkenmaster"]
[Result "1-0"]
[WhiteCountry "USA"]
[BlackCountry "PHI"]
[WhiteElo "2424"]
[WhiteRD "80"]
[BlackElo "1958"]
[BlackRD "72"]
[GameID "173251"]

1. b3 d5 2. Bb2 Bg4 3. f3 Bh5 4. e4 dxe4 5. Qe2 c6 6. Nc3 exf3 7. Nxf3 Nf6 8. O-O-O e6 9. h3 Bxf3 10. Qxf3 Nbd7
11. Kb1 Be7 12. Be2 O-O 13. g4 a5 14. h4 Nd5 15. a4 Nxc3+ 16. Qxc3 Bf6 17. d4 c5 18. Qd3 cxd4 19. g5 Be5 20. Bxd4 Qc7
21. h5 Bxd4 22. Qxd4 Ne5 23. h6 g6 24. Bc4 Rad8 25. Qf4 Rxd1+ 26. Rxd1 f6 27. gxf6 Qc5 28. f7+
1-0

[Event "The Mortar & Pestle Chess Congress"]
[Site "SchemingMind.com"]
[Date "2008.10.07"]
[Round "-"]
[White "Mihir Naniwadekar"]
[Black "C. H. O'D. Schlechter"]
[Result "0-1"]
[WhiteCountry "ENG"]
[BlackCountry "USA"]
[WhiteElo "1694"]
[WhiteRD "72"]
[BlackElo "2424"]
[BlackRD "80"]
[GameID "173388"]

1. Nf3 d5 2. c4 c6 3. d4 Nf6 4. Nc3 e6 5. e3 Nbd7 6. Bd3 dxc4 7. Bxc4 b5 8. Bd3 Bb7 9. e4 b4 10. Na4 c5
0-1

[Event "The Mortar & Pestle Chess Congress"]
[Site "SchemingMind.com"]
[Date "2008.10.02"]
[Round "-"]
[White "Mihir Naniwadekar"]
[Black "drunkenmaster"]
[Result "0-1"]
[WhiteCountry "ENG"]
[BlackCountry "PHI"]
[WhiteElo "1744"]
[WhiteRD "72"]
[BlackElo "1915"]
[BlackRD "76"]
[GameID "173389"]

1. e4 e6 2. d4 d5 3. e5 Ne7 4. Bd3 b6 5. f4 Qd7 6. Nf3 Ba6 7. Bxa6 Nxa6 8. O-O c5 9. Qe2 Nc7 10. Be3 c4
11. Nc3 b5 12. a3 a5 13. b3 b4
0-1

[Event "The Mortar & Pestle Chess Congress"]
[Site "SchemingMind.com"]
[Date "2008.10.03"]
[Round "-"]
[White "drunkenmaster"]
[Black "Mihir Naniwadekar"]
[Result "1-0"]
[WhiteCountry "PHI"]
[BlackCountry "ENG"]
[WhiteElo "1915"]
[WhiteRD "76"]
[BlackElo "1744"]
[BlackRD "72"]
[GameID "173391"]

1. d4 Nf6 2. c4 c5 3. d5 b5 4. Nf3 Bb7 5. a4 bxc4 6. Nc3 e6 7. e4 exd5 8. exd5 d6 9. Bxc4 Be7 10. O-O O-O
11. h3 Nbd7 12. a5 a6 13. Bf4
1-0

[Event "The Mortar & Pestle Chess Congress"]
[Site "SchemingMind.com"]
[Date "2008.10.13"]
[Round "-"]
[White "smothered mate"]
[Black "C. H. O'D. Schlechter"]
[Result "0-1"]
[WhiteCountry "POL"]
[BlackCountry "USA"]
[WhiteElo "1921"]
[WhiteRD "50"]
[BlackElo "2469"]
[BlackRD "74"]
[GameID "174162"]

1. d4 Nf6 2. c4 e5 3. dxe5 Ng4 4. e3 Nxe5 5. Nh3 g6 6. Nf4 Bg7 7. Nc3 d6 8. Be2 Na6 9. O-O O-O 10. Bd2 Nc5
11. b4 Ne6 12. Rc1 Re8 13. Re1 c6 14. a4 a5 15. b5 Nc5 16. Qc2 Qf6 17. Red1 Ng4 18. h3 Nxf2 19. Kxf2 g5 20. Bf3 gxf4
21. exf4 Bf5
0-1

[Event "The Mortar & Pestle Chess Congress"]
[Site "SchemingMind.com"]
[Date "2008.10.13"]
[Round "-"]
[White "smothered mate"]
[Black "drunkenmaster"]
[Result "1-0"]
[WhiteCountry "POL"]
[BlackCountry "PHI"]
[WhiteElo "1904"]
[WhiteRD "55"]
[BlackElo "1915"]
[BlackRD "76"]
[GameID "174163"]

1. d4 Nf6 2. c4 c5 3. e3 e6 4. Nf3 d5 5. cxd5 Nxd5 6. Nc3 Nc6 7. Bd3 cxd4 8. exd4 Be7 9. O-O O-O 10. a3 Bf6
11. Be4 Nce7 12. Qd3 g6 13. Bh6 Bg7 14. Bxg7 Kxg7 15. Ne5 f5 16. Bxd5 Nxd5 17. Rac1 a6 18. Nxd5 exd5 19. f4 Be6 20. Qb3 Qe7
21. Rc5 Rfc8 22. Rfc1 Rxc5 23. Rxc5 Rc8 24. Qc3 Qd8 25. Nd3 b6 26. Rc6 Qd7 27. Ne5 Rxc6 28. Qxc6 Qxc6 29. Nxc6 Kf8 30. Kf2 Ke8
31. Kg3 a5 32. Kh4 Kf7 33. Nd8+ Ke7 34. Nxe6 Kxe6 35. Kg5 Kf7 36. Kh6 Kg8 37. a4 Kh8 38. h4 Kg8 39. g3 Kh8 40. h5
1-0

[Event "The Mortar & Pestle Chess Congress"]
[Site "SchemingMind.com"]
[Date "2008.10.08"]
[Round "-"]
[White "smothered mate"]
[Black "Mihir Naniwadekar"]
[Result "1-0"]
[WhiteCountry "POL"]
[BlackCountry "ENG"]
[WhiteElo "1904"]
[WhiteRD "55"]
[BlackElo "1744"]
[BlackRD "72"]
[GameID "174164"]

1. e4 d5 2. exd5 Qxd5 3. Nc3 Qa5 4. d4 Nf6 5. Bc4 Bf5 6. Nf3 c6 7. Bd2 e6 8. Qe2 Bb4 9. O-O-O Nbd7 10. a3 Bxc3
11. Bxc3 Qc7 12. Ne5 Nxe5 13. dxe5 Nd5 14. Bd2 O-O-O 15. g4
1-0

[Event "The Mortar & Pestle Chess Congress"]
[Site "SchemingMind.com"]
[Date "2008.10.13"]
[Round "-"]
[White "C. H. O'D. Schlechter"]
[Black "smothered mate"]
[Result "1-0"]
[WhiteCountry "USA"]
[BlackCountry "POL"]
[WhiteElo "2469"]
[WhiteRD "74"]
[BlackElo "1921"]
[BlackRD "50"]
[GameID "174165"]

1. b3 c5 2. Bb2 d5 3. e3 a6 4. Nf3 Nc6 5. d4 cxd4 6. Nxd4 e6 7. Be2 Nf6 8. O-O Nxd4 9. Qxd4 Bd6 10. c4 Qc7
11. Rc1 Qb8 12. Qh4 Ke7 13. cxd5 exd5 14. Bxf6+ gxf6 15. Nc3 Be6 16. Bf3 Be5 17. Nxd5+ Bxd5 18. Bxd5 Bxa1 19. Qb4+ Ke8 20. Bxb7 Be5
21. Bc6+ Kd8 22. Rd1+ Kc7 23. Qc4 Kb6 24. a4 Bxh2+ 25. Kh1 Qc7 26. a5+ Ka7 27. Rd7
1-0

[Event "The Mortar & Pestle Chess Congress"]
[Site "SchemingMind.com"]
[Date "2008.10.13"]
[Round "-"]
[White "drunkenmaster"]
[Black "smothered mate"]
[Result "1-0"]
[WhiteCountry "PHI"]
[BlackCountry "POL"]
[WhiteElo "1958"]
[WhiteRD "72"]
[BlackElo "1882"]
[BlackRD "54"]
[GameID "174166"]

1. d4 d5 2. Nf3 c5 3. c4 e6 4. cxd5 exd5 5. g3 Nc6 6. Bg2 Be6 7. O-O h6 8. Nc3 Nf6 9. b3 Rc8 10. Bb2 Be7
11. e3 O-O 12. dxc5 Bxc5 13. Na4 Bd6 14. Rc1 Ne4 15. Nd4 Qd7 16. Nxc6 bxc6 17. Qd4 Nf6 18. Nc5 Qe7 19. e4 Bxc5 20. Rxc5 dxe4
21. Bxe4 Rfd8 22. Qe5 Rd5 23. Bxd5 Qxc5 24. Bxe6 Qxe5 25. Bxf7+ Kxf7 26. Bxe5 Nd5 27. Rc1 g6 28. f4 a6 29. a3 Ke6 30. Kf2 g5
31. Kf3 Kf5 32. g4+ Ke6 33. Re1 Kf7 34. f5 Re8 35. Bg3 Rxe1 36. Bxe1 Nc7 37. Ke4 Kf6 38. Bc3+ Kf7 39. Kd4 Nb5+ 40. Kc4 Nxa3+
41. Kc5 Nc2 42. Kxc6 a5 43. Kb5 Ne3 44. h3 Nd5 45. Bd2 Nf4 46. Bxf4 gxf4 47. Kc4 Kf6 48. Kd4 h5 49. Ke4 Kg5 50. Kf3 hxg4+
51. hxg4
1-0

[Event "The Mortar & Pestle Chess Congress"]
[Site "SchemingMind.com"]
[Date "2008.10.08"]
[Round "-"]
[White "Mihir Naniwadekar"]
[Black "smothered mate"]
[Result "0-1"]
[WhiteCountry "ENG"]
[BlackCountry "POL"]
[WhiteElo "1744"]
[WhiteRD "72"]
[BlackElo "1904"]
[BlackRD "55"]
[GameID "174167"]

1. d4 d5 2. c4 e6 3. Nc3 c5 4. cxd5 exd5 5. Nf3 Nc6 6. g3 Nf6 7. Bg2 Be6 8. O-O Rc8 9. Bf4 Be7 10. dxc5 Bxc5
11. Rc1 Be7 12. a3 O-O 13. Qd3 a6
0-1

[Event "The Mortar & Pestle Chess Congress"]
[Site "SchemingMind.com"]
[Date "2008.10.15"]
[Round "-"]
[White "Trener"]
[Black "C. H. O'D. Schlechter"]
[Result "1/2-1/2"]
[WhiteCountry "PAR"]
[BlackCountry "USA"]
[WhiteElo "2194"]
[WhiteRD "88"]
[BlackElo "2428"]
[BlackRD "79"]
[GameID "174400"]

1. d4 Nf6 2. c4 e5 3. dxe5 Ng4 4. Bf4 Nc6 5. Nf3 Bb4+ 6. Nbd2 Qe7 7. a3 Ngxe5 8. Nxe5 Nxe5 9. e3 Bxd2+ 10. Qxd2 d6
11. Be2 b6 12. Bxe5 dxe5 13. Bf3 Rb8 14. Bc6+ Bd7 15. Bxd7+ Qxd7 16. Rd1 Qxd2+=
1/2-1/2

[Event "The Mortar & Pestle Chess Congress"]
[Site "SchemingMind.com"]
[Date "2008.10.13"]
[Round "-"]
[White "Trener"]
[Black "drunkenmaster"]
[Result "1-0"]
[WhiteCountry "PAR"]
[BlackCountry "PHI"]
[WhiteElo "2286"]
[WhiteRD "73"]
[BlackElo "1848"]
[BlackRD "74"]
[GameID "174401"]

1. c4 c5 2. Nf3 Nf6 3. Nc3 d5 4. cxd5 Nxd5 5. e4 Nb4 6. Bc4 Nd3+ 7. Ke2 Nf4+ 8. Kf1 Ne6 9. b4 cxb4 10. Ne2 g6
11. d4 Bg7 12. Be3 O-O 13. Rc1 Nc7 14. Qd2 a5 15. Bh6 Bg4 16. Bxg7 Kxg7 17. h4 h5 18. Ne5 Bxe2+ 19. Bxe2 Nd7 20. Nxd7 Qxd7
21. d5 e5 22. Bxh5 Rh8 23. Be2 Ne8 24. h5 Nd6 25. Qg5
1-0

[Event "The Mortar & Pestle Chess Congress"]
[Site "SchemingMind.com"]
[Date "2008.10.10"]
[Round "-"]
[White "Trener"]
[Black "smothered mate"]
[Result "1-0"]
[WhiteCountry "PAR"]
[BlackCountry "POL"]
[WhiteElo "2277"]
[WhiteRD "75"]
[BlackElo "1921"]
[BlackRD "50"]
[GameID "174402"]

1. e4 c5 2. Nf3 d6 3. d4 cxd4 4. Nxd4 Nf6 5. Nc3 g6 6. Be3 Bg7 7. f3 O-O 8. Qd2 Nc6 9. Bc4 Bd7 10. h4 Rb8
11. Bb3 Na5 12. h5 Nxh5 13. g4 Nxb3 14. axb3 Nf6 15. Bh6 e5 16. Bxg7 Kxg7 17. Qh6+ Kg8 18. Nf5 Bxf5 19. exf5 Re8 20. g5 Nh5
21. Rxh5 gxh5 22. f6
1-0

[Event "The Mortar & Pestle Chess Congress"]
[Site "SchemingMind.com"]
[Date "2008.10.10"]
[Round "-"]
[White "Trener"]
[Black "Mihir Naniwadekar"]
[Result "1-0"]
[WhiteCountry "PAR"]
[BlackCountry "ENG"]
[WhiteElo "2175"]
[WhiteRD "79"]
[BlackElo "1744"]
[BlackRD "72"]
[GameID "174403"]

1. e4 c5 2. Nf3 d6 3. d4 cxd4 4. Nxd4 Nf6 5. Nc3 a6 6. Bg5 e6 7. f4 Qb6 8. Qd2 Qxb2 9. Rb1 Qa3 10. Be2 Be7
11. O-O Nbd7 12. e5 dxe5 13. fxe5 Nxe5 14. Bxf6 gxf6 15. Qe3
1-0

[Event "The Mortar & Pestle Chess Congress"]
[Site "SchemingMind.com"]
[Date "2008.10.15"]
[Round "-"]
[White "C. H. O'D. Schlechter"]
[Black "Trener"]
[Result "1-0"]
[WhiteCountry "USA"]
[BlackCountry "PAR"]
[WhiteElo "2434"]
[WhiteRD "82"]
[BlackElo "2123"]
[BlackRD "74"]
[GameID "174404"]

1. e4 c5 2. Nf3 d6 3. Bb5+ Bd7 4. Bxd7+ Nxd7 5. O-O Ngf6 6. d3 g6 7. Nc3 Bg7 8. h3 Qb6 9. a4 O-O 10. Qe2 e6
11. Rd1 Qc6 12. d4 d5 13. exd5 Nxd5 14. Ne4 Rfd8 15. c4 N5f6 16. Nc3 Rac8 17. Nb5 Ra8 18. Bf4 cxd4 19. Nfxd4 Qe4 20. Be3 Ne8
21. Rac1 Qe5 22. c5 Ndf6 23. c6 bxc6 24. Nxc6 Rxd1+ 25. Qxd1 Qe4 26. b3 Nd5 27. Bxa7 Nf4 28. f3
1-0

[Event "The Mortar & Pestle Chess Congress"]
[Site "SchemingMind.com"]
[Date "2008.10.13"]
[Round "-"]
[White "drunkenmaster"]
[Black "Trener"]
[Result "0-1"]
[WhiteCountry "PHI"]
[BlackCountry "PAR"]
[WhiteElo "1915"]
[WhiteRD "76"]
[BlackElo "2175"]
[BlackRD "79"]
[GameID "174405"]

1. d4 Nf6 2. Nf3 e6 3. c4 d5 4. Nc3 c6 5. Bg5 dxc4 6. e4 b5 7. a4 b4 8. Nb1 Be7 9. Bxf6 Bxf6 10. Bxc4 Bb7
11. Nbd2 Bxd4 12. Qc2 O-O 13. Nb3 c5 14. O-O-O Qf6 15. Nfxd4 cxd4 16. Kb1 Rd8 17. Nc5 Bc6 18. f3 Nd7 19. Nd3 Rdc8 20. Qb3 a5
21. Rc1 Nb6 22. Bb5 Bxb5 23. axb5 Qg5
0-1

[Event "The Mortar & Pestle Chess Congress"]
[Site "SchemingMind.com"]
[Date "2008.10.10"]
[Round "-"]
[White "smothered mate"]
[Black "Trener"]
[Result "0-1"]
[WhiteCountry "POL"]
[BlackCountry "PAR"]
[WhiteElo "1921"]
[WhiteRD "50"]
[BlackElo "2277"]
[BlackRD "75"]
[GameID "174406"]

1. d4 d5 2. c4 e6 3. Nf3 Nf6 4. a3 b6 5. e3 Bd6 6. Nc3 O-O 7. Bd2 Ba6 8. Nb5 Be7 9. Qa4 c6 10. Nc3 dxc4
11. Ne5 b5 12. Qc2 Bb7 13. Be2 a6 14. Bf3 Qc7 15. Ne4 Nfd7 16. O-O Nxe5 17. dxe5 Nd7 18. Bc3 Nxe5 19. Bxe5 Qxe5 20. Nc3 Rad8
21. Rad1 f5 22. g3 Qf6 23. e4 f4 24. Qe2 Rxd1 25. Qxd1 Bxa3 26. Qd7 Bxb2
0-1

[Event "The Mortar & Pestle Chess Congress"]
[Site "SchemingMind.com"]
[Date "2008.10.10"]
[Round "-"]
[White "Mihir Naniwadekar"]
[Black "Trener"]
[Result "0-1"]
[WhiteCountry "ENG"]
[BlackCountry "PAR"]
[WhiteElo "1694"]
[WhiteRD "72"]
[BlackElo "2178"]
[BlackRD "85"]
[GameID "174407"]

1. e4 e5 2. Nf3 Nc6 3. Bb5 a6 4. Ba4 Nf6 5. O-O Be7 6. Re1 b5 7. Bb3 O-O 8. c3 d6 9. h3 Na5 10. Bc2 c5
11. d4 Qc7 12. Nbd2 Nc6 13. d5 Nd8 14. a4 Rb8 15. axb5 axb5 16. b4 Nb7
0-1

[Event "The Mortar & Pestle Chess Congress"]
[Site "SchemingMind.com"]
[Date "2008.10.15"]
[Round "-"]
[White "badbishop"]
[Black "C. H. O'D. Schlechter"]
[Result "0-1"]
[WhiteCountry "POL"]
[BlackCountry "USA"]
[WhiteElo "2202"]
[WhiteRD "85"]
[BlackElo "2428"]
[BlackRD "79"]
[GameID "174517"]

1. d4 d5 2. c4 c6 3. Nc3 Nf6 4. e3 e6 5. Nf3 Nbd7 6. Bd3 dxc4 7. Bxc4 b5 8. Be2 Bb7 9. O-O a6 10. e4 c5
11. e5 Nd5 12. a4 b4 13. Ne4 cxd4 14. Bg5 Qb6
0-1

[Event "The Mortar & Pestle Chess Congress"]
[Site "SchemingMind.com"]
[Date "2008.10.15"]
[Round "-"]
[White "badbishop"]
[Black "Trener"]
[Result "1-0"]
[WhiteCountry "POL"]
[BlackCountry "PAR"]
[WhiteElo "2285"]
[WhiteRD "86"]
[BlackElo "2166"]
[BlackRD "69"]
[GameID "174518"]

1. e4 e5 2. Nf3 Nc6 3. Bc4 Bc5 4. O-O d6 5. c3 Bg4 6. h3 Bxf3 7. Qxf3 Nf6 8. d3 h6 9. b4 Nxb4 10. d4 Nc2
11. dxc5 Nxa1 12. Bb2 dxc5 13. Bxa1 Qe7 14. Na3 O-O 15. Nc2 Rad8 16. Ne3 Ne8 17. Bb2 Nd6 18. Bd3 c6 19. c4 Rfe8 20. Qe2 Qh4
21. Kh2 Qe7 22. Ng4 f6 23. Ne3 Qc7 24. Bc3 f5 25. f3 f4 26. Nf5 Nf7 27. Bc2 Ng5 28. Qf2 Ne6 29. g3 Kh7 30. gxf4 Nxf4
31. Rg1
1-0

[Event "The Mortar & Pestle Chess Congress"]
[Site "SchemingMind.com"]
[Date "2008.10.15"]
[Round "-"]
[White "badbishop"]
[Black "drunkenmaster"]
[Result "1-0"]
[WhiteCountry "POL"]
[BlackCountry "PHI"]
[WhiteElo "2237"]
[WhiteRD "88"]
[BlackElo "1848"]
[BlackRD "74"]
[GameID "174519"]

1. e4 e6 2. d4 d5 3. Nc3 Bb4 4. e5 c5 5. a3 Bxc3+ 6. bxc3 Ne7 7. h4 Nbc6 8. h5 h6 9. Nf3 Qa5 10. Bd2 Bd7
11. Rb1 Qc7 12. Bd3 c4 13. Be2 O-O-O 14. O-O f5 15. a4 g6 16. hxg6 Rdg8 17. Bc1 Rxg6 18. Nh4 Rg7 19. Ba3 Rhg8 20. Qd2 Ng6
21. Nxg6 Rxg6 22. Bf3 Qd8 23. Qf4 Qg5 24. Bc1 Nd8 25. a5 Nf7 26. g3 Qd8 27. a6 b6 28. Kg2 Ng5 29. Rh1 Kb8 30. Rh5 Bc8
31. Ra1 Qe8 32. Rh1 Qb5 33. Ba3 Bxa6 34. Bd6+ Kb7 35. Ra2 Nxf3 36. Qxf3 Qe8 37. Rha1
1-0

[Event "The Mortar & Pestle Chess Congress"]
[Site "SchemingMind.com"]
[Date "2008.10.15"]
[Round "-"]
[White "badbishop"]
[Black "smothered mate"]
[Result "1-0"]
[WhiteCountry "POL"]
[BlackCountry "POL"]
[WhiteElo "2212"]
[WhiteRD "86"]
[BlackElo "1921"]
[BlackRD "50"]
[GameID "174520"]

1. e4 c5 2. Nf3 d6 3. d4 cxd4 4. Nxd4 Nf6 5. Nc3 g6 6. Be3 Bg7 7. f3 O-O 8. Qd2 Nc6 9. O-O-O Bd7 10. g4 Rc8
11. h4 h5 12. g5 Nh7 13. f4 a6 14. Kb1 b5 15. Be2 Rc7 16. Nd5 Rb7 17. f5 Ne5 18. Rhf1 Nc4 19. Bxc4 bxc4 20. Qf2 Be5
21. Qe2 e6 22. fxg6 fxg6 23. Qxc4 Bb5 24. Nxb5 Rxb5 25. Nc3 Rxf1 26. Rxf1 d5 27. exd5 exd5 28. Qc6 Bxc3 29. Qxc3 Nf8 30. Bd4 Ne6
31. Qc6
1-0

[Event "The Mortar & Pestle Chess Congress"]
[Site "SchemingMind.com"]
[Date "2008.10.15"]
[Round "-"]
[White "C. H. O'D. Schlechter"]
[Black "badbishop"]
[Result "1/2-1/2"]
[WhiteCountry "USA"]
[BlackCountry "POL"]
[WhiteElo "2459"]
[WhiteRD "78"]
[BlackElo "2237"]
[BlackRD "88"]
[GameID "174522"]

1. e4 c6 2. d4 d5 3. exd5 cxd5 4. c4 Nf6 5. Nc3 e6 6. Nf3 Bb4 7. cxd5 Nxd5 8. Qc2 Nc6 9. Be2 Nce7 10. O-O Bd7
11. Nxd5 Nxd5 12. Ne5 Bd6 13. Qd3 Qc7 14. Nxd7 Qxd7 15. Bf3 O-O 16. Bd2 Rac8 17. Rac1 Rfd8 18. g3 Be7 19. Rxc8 Rxc8 20. Rc1 Rxc1+
21. Bxc1 Qa4 22. a3 Bf6=
1/2-1/2

[Event "The Mortar & Pestle Chess Congress"]
[Site "SchemingMind.com"]
[Date "2008.10.15"]
[Round "-"]
[White "Trener"]
[Black "badbishop"]
[Result "0-1"]
[WhiteCountry "PAR"]
[BlackCountry "POL"]
[WhiteElo "2166"]
[WhiteRD "69"]
[BlackElo "2285"]
[BlackRD "86"]
[GameID "174523"]

1. e4 c5 2. Nf3 d6 3. d4 cxd4 4. Nxd4 Nf6 5. Nc3 a6 6. Be3 e6 7. Be2 Be7 8. O-O O-O 9. f4 Qc7 10. g4 b5
11. g5 Nfd7 12. a3 Nc6 13. Nxc6 Qxc6 14. f5 Bb7 15. Bg4 Ne5 16. fxe6 Qc4 17. exf7+ Rxf7 18. Be2 Qe6 19. Rxf7 Nxf7 20. Bg4 Qc4
21. Qd2 Bxe4 22. Rf1 Bb7 23. Rf4 Qc6 24. Bf3 Qd7 25. Bxb7 Qxb7 26. h4 Rc8 27. Qd5 Qxd5 28. Nxd5 Bd8 29. c3 Ne5
0-1

[Event "The Mortar & Pestle Chess Congress"]
[Site "SchemingMind.com"]
[Date "2008.10.15"]
[Round "-"]
[White "drunkenmaster"]
[Black "badbishop"]
[Result "0-1"]
[WhiteCountry "PHI"]
[BlackCountry "POL"]
[WhiteElo "1848"]
[WhiteRD "74"]
[BlackElo "2237"]
[BlackRD "88"]
[GameID "174524"]

1. d4 Nf6 2. c4 g6 3. Nc3 Bg7 4. e4 d6 5. Nf3 O-O 6. Be2 Nbd7 7. O-O e5 8. d5 Nc5 9. Qc2 a5 10. Bg5 h6
11. Be3 b6 12. Nd2 Bg4 13. f3 Bd7 14. b3 Nh5 15. g3 f5 16. Bf2 fxe4 17. Ndxe4 Bf5 18. Be3 Nf6 19. Bd3 Nxd3 20. Qxd3 Nxe4
21. Nxe4 Qe7 22. a3 Rf7 23. Kg2 Raf8 24. g4 Bd7 25. h3 Qh4 26. Qe2 Ra8 27. b4 Qe7 28. c5 bxc5 29. bxc5 Bc8 30. Qd2 Ba6
31. Rf2 Kh7 32. Rc1 Bb5 33. Rb1 Bc4 34. Rb7 Qf8 35. cxd6 cxd6 36. Rxf7 Qxf7
0-1

[Event "The Mortar & Pestle Chess Congress"]
[Site "SchemingMind.com"]
[Date "2008.10.15"]
[Round "-"]
[White "smothered mate"]
[Black "badbishop"]
[Result "0-1"]
[WhiteCountry "POL"]
[BlackCountry "POL"]
[WhiteElo "1888"]
[WhiteRD "67"]
[BlackElo "2240"]
[BlackRD "74"]
[GameID "174525"]

1. e4 c5 2. c3 Nf6 3. e5 Nd5 4. g3 Nc6 5. Bg2 Qc7 6. f4 e6 7. Qe2 Nb6 8. Na3 a6 9. Nf3 d5 10. exd6 Bxd6
11. O-O O-O 12. d3 Be7 13. Be3 Nd5 14. Bf2 b5 15. c4 bxc4 16. dxc4 Nf6 17. Rac1 Bb7 18. Rfd1 Nb4 19. b3 Rfd8 20. Nb1 Be4
21. Nc3 Bd3 22. Qb2 Ng4 23. Ne5 Nxe5 24. Bxa8 Rxa8 25. fxe5 Bg6 26. Qe2 Nc6 27. Re1 Nd4 28. Bxd4 cxd4 29. Nb1 Bg5 30. Qg2 Rd8
31. Rcd1 Be3+ 32. Kh1 Qxe5 33. Nc3 Rf8 34. Qf3 Qg5 35. Rxe3 Bh5 36. Qxh5 Qxh5 37. Rxd4 Qf5 38. Kg2 Qc2+ 39. Kg1 f5 40. c5 e5
41. Rc4 f4 42. Rf3 g5 43. c6 Qc1+ 44. Rf1 Qe3+ 45. Kh1 f3 46. c7 f2 47. Kg2 Qf3+ 48. Kh3 Kg7 49. c8=Q Rxc8 50. Rxc8 Qf5+
51. Kg2 Qxc8 52. Ne2 Qc2 53. Rxf2 Qxa2 54. Nd4 Qa3 55. Ne6+ Kg6 56. Nf8+ Kh6 57. Rf7 g4 58. h4 gxh3+ 59. Kxh3 Qxb3 60. Rxh7+ Kg5
61. Rg7+ Kf6 62. Ra7 Qd3 63. Nd7+ Kg5 64. Rc7 Qf1+ 65. Kh2 Qf2+ 66. Kh3 Qg1 67. g4 Qe3+ 68. Kh2 Qd2+ 69. Kg3 Qd3+ 70. Kf2 Kf4
71. Nf6 Qd2+ 72. Kg1 Kf3
0-1

[Event "The Mortar & Pestle Chess Congress"]
[Site "SchemingMind.com"]
[Date "2008.10.16"]
[Round "-"]
[White "Rekursiv"]
[Black "C. H. O'D. Schlechter"]
[Result "1/2-1/2"]
[WhiteCountry "USA"]
[BlackCountry "USA"]
[WhiteElo "2148"]
[WhiteRD "93"]
[BlackElo "2424"]
[BlackRD "80"]
[GameID "174610"]

1. c4 Nf6 2. d4 e5 3. dxe5 Ng4 4. Bf4 Nc6 5. Nf3 Bb4+ 6. Nbd2 Qe7 7. a3 Ngxe5 8. Nxe5 Nxe5 9. e3 Bxd2+ 10. Qxd2 d6
11. Be2 b6 12. Bxe5 dxe5 13. Bf3 Rb8 14. Bc6+ Bd7 15. Qd5 Bxc6 16. Qxc6+ Qd7 17. Qxd7+=
1/2-1/2

[Event "The Mortar & Pestle Chess Congress"]
[Site "SchemingMind.com"]
[Date "2008.10.12"]
[Round "-"]
[White "Rekursiv"]
[Black "Trener"]
[Result "0-1"]
[WhiteCountry "USA"]
[BlackCountry "PAR"]
[WhiteElo "2079"]
[WhiteRD "94"]
[BlackElo "2166"]
[BlackRD "69"]
[GameID "174611"]

1. Nf3 Nf6 2. d4 d5 3. c4 e6 4. Nc3 c6 5. e3 Nbd7 6. Qc2 Bd6 7. Be2 O-O 8. O-O dxc4 9. Bxc4 b5 10. Be2 Bb7
11. Rd1 Qc7 12. Bd2 Rfe8 13. Rac1 a6 14. b4 e5 15. a3 exd4 16. exd4 Qb8 17. Re1 a5 18. d5 axb4 19. axb4 Ra6 20. Qb3 Ne5
21. g3 Nxf3+ 22. Bxf3 Be5 23. dxc6 Bxc6 24. Ne4 Bxe4 25. Bxe4 Nxe4 26. Rxe4 Rae6 27. Rce1 Qd6 28. Qc2 h6 29. Kf1 Qd5 30. f3 f6
31. R4e3 Rd8 32. R1e2 Bd4 33. Rd3 Rxe2 34. Kxe2 Qe6+
0-1

[Event "The Mortar & Pestle Chess Congress"]
[Site "SchemingMind.com"]
[Date "2008.10.16"]
[Round "-"]
[White "Rekursiv"]
[Black "badbishop"]
[Result "0-1"]
[WhiteCountry "USA"]
[BlackCountry "POL"]
[WhiteElo "2079"]
[WhiteRD "94"]
[BlackElo "2285"]
[BlackRD "86"]
[GameID "174612"]

1. c4 Nf6 2. d4 g6 3. Nc3 Bg7 4. e4 d6 5. Nf3 O-O 6. Be2 Nbd7 7. O-O e5 8. Re1 c6 9. Bf1 a5 10. Rb1 Re8
11. d5 Nc5 12. b3 Bd7 13. a3 a4 14. b4 Nb3 15. dxc6 Bxc6 16. b5 Bd7 17. Bb2 Bg4 18. Nxa4 Nd4 19. Nc3 Rc8 20. Qd3 Bxf3
21. gxf3 Nh5 22. Nd5 Ne6 23. Red1 Bh6 24. Bc1 Bxc1 25. Rbxc1 Qg5+ 26. Kh1 Rcd8 27. Qe3 Nhf4 28. Rd2 Qh4 29. Rcd1 Nh5 30. Nc3 Nd4
31. Ne2 Nxe2 32. Bxe2 Qe7 33. Qb6 Nf4 34. a4 Ra8 35. a5 Qh4 36. Rg1 Red8 37. Bd1 Qe7 38. Bc2 Kg7 39. Bd3 d5 40. cxd5 Rxd5
41. exd5 Nxd5 42. Bxg6 Nxb6 43. Be4+ Kf6 44. axb6 Rd8 45. Rc2 Rd7 46. Rgc1 Qd8 47. Rc6+ bxc6 48. bxc6 Rd1+ 49. Rxd1 Qxd1+ 50. Kg2 Qd8
0-1

[Event "The Mortar & Pestle Chess Congress"]
[Site "SchemingMind.com"]
[Date "2008.10.13"]
[Round "-"]
[White "Rekursiv"]
[Black "drunkenmaster"]
[Result "1-0"]
[WhiteCountry "USA"]
[BlackCountry "PHI"]
[WhiteElo "2025"]
[WhiteRD "111"]
[BlackElo "1848"]
[BlackRD "88"]
[GameID "174613"]

1. e4 e6 2. d4 d5 3. Nc3 Nf6 4. e5 Nfd7 5. Nce2 c5 6. c3 Nc6 7. f4 cxd4 8. cxd4 Nb6 9. Nf3 a5 10. Ng3 h5
11. Bd3 a4 12. a3 Na5 13. O-O Bd7 14. f5 Nb3 15. fxe6 Bxe6 16. Ng5 Qd7 17. Nxe6 Qxe6 18. Bb5+ Nd7 19. Rb1 h4 20. Ne2
1-0

[Event "The Mortar & Pestle Chess Congress"]
[Site "SchemingMind.com"]
[Date "2008.10.12"]
[Round "-"]
[White "Rekursiv"]
[Black "smothered mate"]
[Result "1-0"]
[WhiteCountry "USA"]
[BlackCountry "POL"]
[WhiteElo "2130"]
[WhiteRD "92"]
[BlackElo "1878"]
[BlackRD "51"]
[GameID "174614"]

1. e4 c5 2. Nf3 d6 3. d4 cxd4 4. Nxd4 Nf6 5. Nc3 g6 6. Be3 Bg7 7. f3 O-O 8. Qd2 Nc6 9. O-O-O Bd7 10. Kb1 Rb8
11. g4 Na5 12. h4 h5 13. gxh5 Nxh5 14. Rg1 b5 15. f4 Nc4 16. Bxc4 bxc4 17. f5 Qb6 18. b3 cxb3 19. axb3 Qa5 20. Nd5 Qa3
21. Nxe7+ Kh7 22. fxg6+ fxg6 23. Nxg6 Rf3 24. Qe2 Bxd4 25. Bxd4 Rfxb3+ 26. cxb3 Qxb3+ 27. Bb2 Kh6 28. Rxd6 Be6 29. Ne7 Nf4 30. Nf5+ Kh7
31. Rg7+ Kh8 32. Rg3+
1-0